| 000 | 00623nam a2200205 u 4500 | ||
|---|---|---|---|
| 005 | 20220818063538.0 | ||
| 008 | 100208s2004 mx r 000 0 spa d | ||
| 020 | _a9681661346 | ||
| 035 | _aUPN01000174529 | ||
| 049 | _aI | ||
| 050 | 4 |
_aPZ78 _bA7.8 |
|
| 100 | 1 |
_aArciniegas, Triunfo, _d1957- _932433 |
|
| 245 | 1 | 3 |
_aEl vampiro y otras visitas / _cTriunfo Arciniegas ; il. de Jotavé. |
| 260 |
_aMéxico : _bFCE, _b2001. |
||
| 300 |
_a61 p. : _bil. |
||
| 440 | 0 |
_aA la orilla del viento ; _v131 |
|
| 650 | 0 |
_aCuentos infantiles colombianos _94407 |
|
| 650 | 4 |
_aVAMPIROS - _vLITERATURA INFANTIL _915397 |
|
| 905 | _aInfantil | ||
| 999 |
_c146633 _d146633 |
||